[Event "New Zealand Championship 2023"]
[Site "Wellington"]
[Date "2023.01.06"]
[Round "5.19"]
[White "Tanoi, T Edward"]
[Black "Metge, J Nigel"]
[Result "1-0"]
[WhiteElo "1993"]
[BlackElo "2146"]

1. d4 e6 2. Nf3 f5 3. d5 Nf6 4. dxe6 d6 5. Nc3 Bxe6 6. e4 fxe4 7. Ng5 Qe7 8.
Nxe6 Qxe6 9. Be2 c6 10. Bh5+ g6 11. Be2 Bg7 12. Bf4 d5 13. Qd2 Nbd7 14. h3 O-O
15. Bh6 d4 16. Qxd4 Nb6 17. Bxg7 Kxg7 18. O-O-O Rad8 19. Qe3 Qf5 20. g4 Qa5 21.
Rxd8 Rxd8 22. g5 Nfd5 23. Qxe4 Rf8 24. Qe5+ Kg8 25. Bg4 Nxc3 26. Be6+ Rf7 27.
Bxf7+ Kxf7 28. Qxa5 1-0

[Event "New Zealand Championship 2023"]
[Site "Wellington"]
[Date "2023.01.06"]
[Round "5.20"]
[White "Zhang, Kendrick Botong"]
[Black "Qin, Oscar Shu Xuan"]
[Result "1/2-1/2"]
[WhiteElo "2071"]
[BlackElo "1964"]

1. e4 d6 2. d4 g6 3. Nc3 Nf6 4. Be3 a6 5. h3 Bg7 6. f4 O-O 7. Nf3 b5 8. e5 Nfd7
9. h4 c5 10. h5 cxd4 11. Qxd4 Bb7 12. hxg6 dxe5 13. gxh7+ Kh8 14. fxe5 Bxf3 15.
gxf3 Nc6 16. Qd2 Ndxe5 17. Qxd8 Raxd8 18. Kf2 Nd4 19. Bxd4 Rxd4 20. Be2 Nc4 21.
a4 Nxb2 22. axb5 axb5 23. Nxb5 Rd2 24. Ra7 Rxc2 25. Rxe7 Rc6 26. Re4 Re6 27.
Rxe6 fxe6 28. Nc7 Rf6 29. Ne8 Rh6 30. Rxh6 Bxh6 31. Bb5 Nd1+ 32. Ke1 Ne3 33.
Bd3 Nf5 34. Nc7 Nd4 35. Kf2 e5 36. Ne8 Ne6 37. Kg3 Nf8 38. Nf6 Bg5 39. Nh5 Nxh7
40. Kg4 Bd8 41. Bxh7 Kxh7 42. Kf5 Bc7 43. Nf6+ Kh6 44. Ng4+ Kg7 45. Nxe5 Ba5
46. Nc4 Bc7 47. Ne5 Ba5 48. Ke6 Bd2 49. Nc4 Bc1 50. Nd6 Kg6 1/2-1/2

[Event "New Zealand Championship 2023"]
[Site "Wellington"]
[Date "2023.01.07"]
[Round "6.1"]
[White "Moradiabadi, Elshan"]
[Black "Croad, Nicolas"]
[Result "1-0"]
[WhiteElo "2514"]
[BlackElo "2442"]

1. d4 {[%clk 01:24:46] [%emt 00:06:13]} 1... Nf6 {[%clk 01:30:53] [%emt
00:00:07]} 2. Bg5 {[%clk 01:24:57] [%emt 00:00:19]} 2... d5 {[%clk 01:31:03]
[%emt 00:00:20]} 3. Nd2 {[%clk 01:25:12] [%emt 00:00:14]} 3... c6 {[%clk
01:27:13] [%emt 00:04:20]} 4. e3 {[%clk 01:25:05] [%emt 00:00:37]} 4... Bg4
{[%clk 01:26:01] [%emt 00:01:43]} 5. f3 {[%clk 01:19:30] [%emt 00:06:05]} 5...
Bh5 {[%clk 01:07:35] [%emt 00:18:55]} 6. Ne2 {[%clk 01:17:37] [%emt 00:02:23]}
6... h6 {[%clk 01:05:41] [%emt 00:02:24]} 7. Bxf6 {[%clk 01:16:26] [%emt
00:01:41]} 7... exf6 {[%clk 01:05:52] [%emt 00:00:20]} 8. Nf4 {[%clk 01:16:54]
[%emt 00:00:01]} 8... Bg6 {[%clk 01:06:15] [%emt 00:00:07]} 9. c4 {[%clk
01:15:43] [%emt 00:01:42]} 9... Bd6 {[%clk 00:54:45] [%emt 00:12:00]} 10. Nxg6
{[%clk 01:15:44] [%emt 00:00:29]} 10... fxg6 {[%clk 00:55:11] [%emt 00:00:04]}
11. cxd5 {[%clk 01:16:11] [%emt 00:00:03]} 11... Qe7 {[%clk 00:51:53] [%emt
00:03:48]} 12. Qb3 {[%clk 01:15:48] [%emt 00:00:53]} 12... cxd5 {[%clk
00:52:02] [%emt 00:00:21]} 13. Bb5+ {[%clk 01:10:35] [%emt 00:05:44]} 13... Nc6
{[%clk 00:49:34] [%emt 00:02:58]} 14. Rc1 {[%clk 01:07:16] [%emt 00:03:49]}
14... O-O {[%clk 00:48:15] [%emt 00:01:48]} 15. Qxd5+ {[%clk 01:07:04] [%emt
00:00:42]} 15... Kh7 {[%clk 00:48:01] [%emt 00:00:44]} 16. Qe4 {[%clk 01:07:23]
[%emt 00:00:11]} 16... Qc7 {[%clk 00:46:01] [%emt 00:02:30]} 17. Bxc6 {[%clk
01:07:43] [%emt 00:00:10]} 17... Bxh2 {[%clk 00:45:31] [%emt 00:01:00]} 18. f4
{[%clk 01:06:47] [%emt 00:01:26]} 18... Rae8 {[%clk 00:44:35] [%emt 00:01:27]}
19. Qxg6+ {[%clk 01:07:11] [%emt 00:00:05]} 1-0

[Event "New Zealand Championship 2023"]
[Site "Wellington"]
[Date "2023.01.07"]
[Round "6.2"]
[White "Smith, Robert W"]
[Black "Gong, Daniel Hanwen"]
[Result "0-1"]
[WhiteElo "2283"]
[BlackElo "2388"]

1. e4 {[%clk 01:30:57] [%emt 00:00:02]} 1... c5 {[%clk 01:30:42] [%emt
00:00:20]} 2. d4 {[%clk 01:31:20] [%emt 00:00:06]} 2... e6 {[%clk 01:29:41]
[%emt 00:01:31]} 3. d5 {[%clk 01:30:59] [%emt 00:00:51]} 3... Nf6 {[%clk
01:28:05] [%emt 00:02:06]} 4. Nc3 {[%clk 01:31:04] [%emt 00:00:25]} 4... d6
{[%clk 01:27:52] [%emt 00:00:43]} 5. Nf3 {[%clk 01:28:39] [%emt 00:02:54]} 5...
exd5 {[%clk 01:26:33] [%emt 00:01:51]} 6. exd5 {[%clk 01:29:01] [%emt
00:00:08]} 6... a6 {[%clk 01:26:51] [%emt 00:00:13]} 7. a4 {[%clk 01:29:12]
[%emt 00:00:18]} 7... Bg4 {[%clk 01:27:13] [%emt 00:00:07]} 8. Be2 {[%clk
01:29:36] [%emt 00:00:06]} 8... Be7 {[%clk 01:26:37] [%emt 00:01:07]} 9. O-O
{[%clk 01:27:24] [%emt 00:02:41]} 9... O-O {[%clk 01:27:01] [%emt 00:00:07]}
10. h3 {[%clk 01:26:23] [%emt 00:01:30]} 10... Bxf3 {[%clk 01:25:48] [%emt
00:01:44]} 11. Bxf3 {[%clk 01:26:51] [%emt 00:00:02]} 11... Nbd7 {[%clk
01:25:58] [%emt 00:00:20]} 12. Bf4 {[%clk 01:24:03] [%emt 00:03:18]} 12... Ne8
{[%clk 01:24:21] [%emt 00:02:08]} 13. Re1 {[%clk 01:18:26] [%emt 00:06:06]}
13... Nc7 {[%clk 01:24:02] [%emt 00:00:50]} 14. Qd3 {[%clk 01:14:51] [%emt
00:04:04]} 14... Re8 {[%clk 01:23:11] [%emt 00:01:22]} 15. Ne4 {[%clk 01:07:38]
[%emt 00:07:42]} 15... Nf6 {[%clk 01:20:54] [%emt 00:02:48]} 16. Nxc5 {[%clk
01:03:03] [%emt 00:05:04]} 16... dxc5 {[%clk 01:21:09] [%emt 00:00:16]} 17. d6
{[%clk 01:03:24] [%emt 00:00:08]} 17... Ne6 {[%clk 01:19:39] [%emt 00:02:01]}
18. Bg3 {[%clk 01:01:16] [%emt 00:02:38]} 18... Bf8 {[%clk 01:08:25] [%emt
00:11:44]} 19. Bxb7 {[%clk 01:01:31] [%emt 00:00:15]} 19... Ra7 {[%clk
01:08:33] [%emt 00:00:21]} 20. Bxa6 {[%clk 00:58:04] [%emt 00:03:58]} 20... Qa5
{[%clk 00:48:44] [%emt 00:20:19]} 21. Bb5 {[%clk 00:56:35] [%emt 00:01:59]}
21... Rd8 {[%clk 00:36:00] [%emt 00:13:15]} 22. c3 {[%clk 00:56:34] [%emt
00:00:30]} 22... Qb6 {[%clk 00:33:17] [%emt 00:03:13]} 23. Rad1 {[%clk
00:56:15] [%emt 00:00:48]} 23... Ne8 {[%clk 00:33:14] [%emt 00:00:34]} 24. d7
{[%clk 00:27:25] [%emt 00:29:20]} 24... Nf6 {[%clk 00:33:05] [%emt 00:00:39]}
25. Bh4 {[%clk 00:27:02] [%emt 00:00:51]} 25... Be7 {[%clk 00:32:13] [%emt
00:01:23]} 26. Bxf6 {[%clk 00:24:35] [%emt 00:02:57]} 26... Bxf6 {[%clk
00:32:34] [%emt 00:00:10]} 27. b4 {[%clk 00:23:45] [%emt 00:01:20]} 27... g6
{[%clk 00:31:28] [%emt 00:01:36]} 28. Qc4 {[%clk 00:16:58] [%emt 00:07:15]}
28... Kg7 {[%clk 00:25:00] [%emt 00:06:58]} 29. Rxe6 {[%clk 00:08:49] [%emt
00:08:41]} 29... Qxe6 {[%clk 00:21:22] [%emt 00:04:08]} 30. Qxc5 {[%clk
00:07:49] [%emt 00:01:29]} 30... Rb7 {[%clk 00:19:09] [%emt 00:02:44]} 31. c4
{[%clk 00:03:40] [%emt 00:04:38]} 31... Rbxd7 {[%clk 00:16:41] [%emt 00:02:59]}
32. Bxd7 {[%clk 00:03:44] [%emt 00:00:25]} 32... Rxd7 {[%clk 00:17:10] [%emt
00:00:01]} 33. Rxd7 {[%clk 00:03:48] [%emt 00:00:27]} 33... Qxd7 {[%clk
00:17:38] [%emt 00:00:02]} 34. Qd5 {[%clk 00:01:55] [%emt 00:02:23]} 34... Qxa4
{[%clk 00:17:41] [%emt 00:00:27]} 35. b5 {[%clk 00:01:17] [%emt 00:01:08]}
35... Qa1+ {[%clk 00:17:39] [%emt 00:00:31]} 36. Kh2 {[%clk 00:01:43] [%emt
00:00:04]} 36... Be5+ {[%clk 00:17:03] [%emt 00:01:07]} 37. g3 {[%clk 00:02:03]
[%emt 00:00:09]} 37... Qb2 {[%clk 00:17:25] [%emt 00:00:08]} 38. Kg2 {[%clk
00:01:36] [%emt 00:00:58]} 38... Bd4 {[%clk 00:17:50] [%emt 00:00:04]} 39. Qf3
{[%clk 00:01:46] [%emt 00:00:20]} 39... Qc2 {[%clk 00:18:01] [%emt 00:00:19]}
0-1

[Event "New Zealand Championship 2023"]
[Site "Wellington"]
[Date "2023.01.07"]
[Round "6.3"]
[White "Shoker, Samy"]
[Black "Cilia Vincenti, David"]
[Result "1-0"]
[WhiteElo "2491"]
[BlackElo "2136"]

1. Nf3 {[%clk 01:30:57] [%emt 00:00:02]} 1... f5 {[%clk 01:30:51] [%emt
00:00:09]} 2. g3 {[%clk 01:30:55] [%emt 00:00:33]} 2... Nf6 {[%clk 01:31:11]
[%emt 00:00:10]} 3. Bg2 {[%clk 01:31:21] [%emt 00:00:04]} 3... g6 {[%clk
01:31:34] [%emt 00:00:07]} 4. O-O {[%clk 01:29:49] [%emt 00:02:03]} 4... Bg7
{[%clk 01:31:48] [%emt 00:00:15]} 5. d3 {[%clk 01:30:08] [%emt 00:00:12]} 5...
O-O {[%clk 01:31:16] [%emt 00:01:02]} 6. e4 {[%clk 01:27:13] [%emt 00:03:25]}
6... fxe4 {[%clk 01:22:08] [%emt 00:09:38]} 7. dxe4 {[%clk 01:26:59] [%emt
00:00:44]} 7... Nc6 {[%clk 01:22:17] [%emt 00:00:21]} 8. c3 {[%clk 01:17:18]
[%emt 00:10:11]} 8... e5 {[%clk 01:18:03] [%emt 00:04:44]} 9. b4 {[%clk
01:17:18] [%emt 00:00:30]} 9... a6 {[%clk 01:16:55] [%emt 00:01:38]} 10. a4
{[%clk 01:14:38] [%emt 00:03:10]} 10... d6 {[%clk 01:13:40] [%emt 00:03:44]}
11. Nbd2 {[%clk 01:02:17] [%emt 00:12:51]} 11... h6 {[%clk 01:09:03] [%emt
00:05:07]} 12. Bb2 {[%clk 00:53:59] [%emt 00:08:48]} 12... Be6 {[%clk 01:06:12]
[%emt 00:03:21]} 13. Qe2 {[%clk 00:52:25] [%emt 00:02:04]} 13... g5 {[%clk
00:50:35] [%emt 00:16:08]} 14. h4 {[%clk 00:43:10] [%emt 00:09:44]} 14... g4
{[%clk 00:49:24] [%emt 00:01:41]} 15. Ne1 {[%clk 00:43:34] [%emt 00:00:06]}
15... h5 {[%clk 00:40:58] [%emt 00:08:56]} 16. Nc2 {[%clk 00:43:31] [%emt
00:00:33]} 16... Bh6 {[%clk 00:40:50] [%emt 00:00:37]} 17. Ne3 {[%clk 00:43:36]
[%emt 00:00:27]} 17... Ne7 {[%clk 00:39:21] [%emt 00:01:58]} 18. c4 {[%clk
00:39:57] [%emt 00:04:09]} 18... a5 {[%clk 00:39:13] [%emt 00:00:39]} 19. b5
{[%clk 00:38:49] [%emt 00:01:37]} 19... b6 {[%clk 00:37:03] [%emt 00:02:40]}
20. c5 {[%clk 00:36:02] [%emt 00:03:17]} 20... bxc5 {[%clk 00:34:09] [%emt
00:03:24]} 21. Ndc4 {[%clk 00:36:21] [%emt 00:00:10]} 21... Bxe3 {[%clk
00:28:33] [%emt 00:06:06]} 22. Nxe3 {[%clk 00:36:23] [%emt 00:00:29]} 22... c6
{[%clk 00:27:53] [%emt 00:01:10]} 23. Rfd1 {[%clk 00:35:23] [%emt 00:01:29]}
23... Qb8 {[%clk 00:26:26] [%emt 00:01:58]} 24. Qd2 {[%clk 00:32:58] [%emt
00:02:55]} 24... Rd8 {[%clk 00:22:32] [%emt 00:04:24]} 25. bxc6 {[%clk
00:30:43] [%emt 00:02:46]} 25... Nxc6 {[%clk 00:21:04] [%emt 00:01:57]} 26. Nf5
{[%clk 00:28:42] [%emt 00:02:30]} 26... Kf7 {[%clk 00:16:42] [%emt 00:04:52]}
27. Nh6+ {[%clk 00:19:59] [%emt 00:09:18]} 27... Ke7 {[%clk 00:15:56] [%emt
00:01:12]} 28. Rab1 {[%clk 00:20:24] [%emt 00:00:05]} 28... Qc8 {[%clk
00:11:07] [%emt 00:05:19]} 29. Qg5 {[%clk 00:20:34] [%emt 00:00:19]} 29... Rf8
{[%clk 00:11:07] [%emt 00:00:29]} 30. Qg7+ {[%clk 00:20:07] [%emt 00:00:56]}
30... Ke8 {[%clk 00:11:29] [%emt 00:00:09]} 31. Rxd6 {[%clk 00:19:19] [%emt
00:01:18]} 31... Rb8 {[%clk 00:09:29] [%emt 00:02:29]} 32. Nf5 {[%clk 00:17:27]
[%emt 00:02:22]} 32... Rf7 {[%clk 00:07:24] [%emt 00:02:36]} 33. Qg6 {[%clk
00:15:47] [%emt 00:02:09]} 33... Nd4 {[%clk 00:07:20] [%emt 00:00:35]} 34.
Rxe6+ {[%clk 00:14:44] [%emt 00:01:33]} 34... Qxe6 {[%clk 00:05:58] [%emt
00:01:52]} 35. Ng7+ {[%clk 00:15:07] [%emt 00:00:07]} 35... Ke7 {[%clk
00:06:13] [%emt 00:00:15]} 36. Nxe6 {[%clk 00:15:29] [%emt 00:00:08]} 36...
Kxe6 {[%clk 00:06:33] [%emt 00:00:10]} 37. Bf1 {[%clk 00:15:37] [%emt
00:00:22]} 37... Nf3+ {[%clk 00:06:28] [%emt 00:00:36]} 38. Kg2 {[%clk
00:16:01] [%emt 00:00:06]} 38... Nd2 {[%clk 00:06:50] [%emt 00:00:08]} 39. Qf5+
{[%clk 00:16:28] [%emt 00:00:03] {[%clk 00:16:28]|> {[%emt 00:00:03]|> Kd5
{[%emt 00:00:16]|> 1-0 } 1-0

[Event "New Zealand Championship 2023"]
[Site "Wellington"]
[Date "2023.01.07"]
[Round "6.4"]
[White "Langford, Joshua"]
[Black "Dive, Russell J"]
[Result "0-1"]
[WhiteElo "2163"]
[BlackElo "2350"]

1. e4 {[%clk 01:30:46] [%emt 00:00:13]} 1... c5 {[%clk 01:30:52] [%emt
00:00:09]} 2. Nf3 {[%clk 01:31:10] [%emt 00:00:06]} 2... d6 {[%clk 01:31:12]
[%emt 00:00:09]} 3. d4 {[%clk 01:31:24] [%emt 00:00:17]} 3... cxd4 {[%clk
01:31:37] [%emt 00:00:05]} 4. Nxd4 {[%clk 01:31:50] [%emt 00:00:04]} 4... Nf6
{[%clk 01:32:00] [%emt 00:00:07]} 5. Nc3 {[%clk 01:32:16] [%emt 00:00:04]} 5...
a6 {[%clk 01:32:24] [%emt 00:00:06]} 6. f3 {[%clk 01:32:02] [%emt 00:00:44]}
6... e5 {[%clk 01:32:25] [%emt 00:00:29]} 7. Nb3 {[%clk 01:32:23] [%emt
00:00:09]} 7... Be7 {[%clk 01:32:32] [%emt 00:00:22]} 8. Be3 {[%clk 01:32:25]
[%emt 00:00:29]} 8... Be6 {[%clk 01:32:38] [%emt 00:00:24]} 9. Qd2 {[%clk
01:32:32] [%emt 00:00:22]} 9... Nc6 {[%clk 01:29:20] [%emt 00:03:48]} 10. Nd5
{[%clk 01:23:13] [%emt 00:09:49]} 10... Bxd5 {[%clk 01:21:31] [%emt 00:08:20]}
11. exd5 {[%clk 01:23:38] [%emt 00:00:05]} 11... Nb8 {[%clk 01:21:57] [%emt
00:00:04]} 12. Na5 {[%clk 01:13:29] [%emt 00:10:39]} 12... Qc7 {[%clk 01:12:03]
[%emt 00:10:23]} 13. Be2 {[%clk 01:07:38] [%emt 00:06:21]} 13... b6 {[%clk
01:09:14] [%emt 00:03:19]} 14. Nc4 {[%clk 01:04:38] [%emt 00:03:31]} 14... Nbd7
{[%clk 01:09:32] [%emt 00:00:12]} 15. O-O {[%clk 00:58:49] [%emt 00:06:19]}
15... O-O {[%clk 01:08:35] [%emt 00:01:27]} 16. a4 {[%clk 00:57:02] [%emt
00:02:17]} 16... b5 {[%clk 01:02:32] [%emt 00:06:32]} 17. axb5 {[%clk 00:44:28]
[%emt 00:13:04]} 17... axb5 {[%clk 01:02:54] [%emt 00:00:09]} 18. Na3 {[%clk
00:44:19] [%emt 00:00:39]} 18... Qb7 {[%clk 00:59:24] [%emt 00:04:00]} 19. Rad1
{[%clk 00:35:07] [%emt 00:09:41]} 19... Nb6 {[%clk 00:54:42] [%emt 00:05:12]}
20. Bxb6 {[%clk 00:34:50] [%emt 00:00:47]} 20... Qxb6+ {[%clk 00:55:10] [%emt
00:00:02]} 21. Kh1 {[%clk 00:35:13] [%emt 00:00:06]} 21... b4 {[%clk 00:52:29]
[%emt 00:03:12]} 22. Nc4 {[%clk 00:26:12] [%emt 00:09:31]} 22... Qc5 {[%clk
00:52:16] [%emt 00:00:44]} 23. Ne3 {[%clk 00:24:39] [%emt 00:02:03]} 23... g6
{[%clk 00:51:43] [%emt 00:01:03]} 24. f4 {[%clk 00:23:57] [%emt 00:01:11]}
24... Ne4 {[%clk 00:48:42] [%emt 00:03:31]} 25. Qd3 {[%clk 00:23:19] [%emt
00:01:09]} 25... f5 {[%clk 00:48:56] [%emt 00:00:16]} 26. fxe5 {[%clk 00:20:49]
[%emt 00:03:05]} 26... dxe5 {[%clk 00:38:46] [%emt 00:10:35]} 27. g4 {[%clk
00:15:54] [%emt 00:05:25]} 27... Bg5 {[%clk 00:37:55] [%emt 00:01:21]} 28. Nc4
{[%clk 00:13:18] [%emt 00:03:07]} 28... Nf2+ {[%clk 00:37:34] [%emt 00:00:51]}
29. Rxf2 {[%clk 00:13:44] [%emt 00:00:04]} 29... Qxf2 {[%clk 00:37:57] [%emt
00:00:07]} 30. Rf1 {[%clk 00:12:00] [%emt 00:02:14]} 30... Qd4 {[%clk 00:36:56]
[%emt 00:01:32]} 31. gxf5 {[%clk 00:11:33] [%emt 00:00:57]} 31... Rxf5 {[%clk
00:34:15] [%emt 00:03:11]} 32. Rxf5 {[%clk 00:11:31]} 32... gxf5 {[%clk
00:34:32] [%emt 00:00:44]} 33. Qxd4 {[%clk 00:09:42] [%emt 00:02:20]} 33...
exd4 {[%clk 00:34:55] [%emt 00:00:07]} 34. Bd3 {[%clk 00:09:26] [%emt
00:00:46]} 34... Rf8 {[%clk 00:32:04] [%emt 00:03:20]} 35. d6 {[%clk 00:07:30]
[%emt 00:02:27]} 35... Kg7 {[%clk 00:32:02] [%emt 00:00:32]} 36. d7 {[%clk
00:02:06] [%emt 00:05:54]} 36... Kf6 {[%clk 00:31:55] [%emt 00:00:37]} 37. Nd6
{[%clk 00:01:53] [%emt 00:00:43]} 37... Ke6 {[%clk 00:31:49] [%emt 00:00:35]}
38. Nb5 {[%clk 00:00:48] [%emt 00:01:35]} 38... Be3 {[%clk 00:28:34] [%emt
00:03:45]} 39. Nc7+ {[%clk 00:00:33] [%emt 00:00:46]} 39... Kxd7 {[%clk
00:28:37] [%emt 00:00:27]} 40. Nd5 {[%clk 00:31:00] [%emt 00:00:03]} 40... f4
{[%clk 00:52:31] [%emt 00:06:36]} 41. Kg2 {[%clk 00:31:28] [%emt 00:00:02]}
41... f3+ {[%clk 00:52:38] [%emt 00:00:24]} 42. Kf1 {[%clk 00:31:55] [%emt
00:00:03]} 42... Kd6 {[%emt 00:00:25]} 43. Bc4 {[%clk 00:31:28] [%emt
00:00:57]} 43... Ra8 {[%clk 00:52:23] [%emt 00:00:51]} 44. Ke1 {[%emt
00:01:04]} 0-1

[Event "New Zealand Championship 2023"]
[Site "Wellington"]
[Date "2023.01.07"]
[Round "6.5"]
[White "Timergazi, Layla"]
[Black "Hague, Ben"]
[Result "0-1"]
[WhiteElo "2136"]
[BlackElo "2494"]

1. d4 {[%clk 01:30:56] [%emt 00:00:04]} 1... d5 {[%clk 01:30:55] [%emt
00:00:05]} 2. c4 {[%clk 01:30:40] [%emt 00:00:46]} 2... Nc6 {[%clk 01:31:19]
[%emt 00:00:06]} 3. Nc3 {[%clk 01:29:27] [%emt 00:01:43]} 3... Nf6 {[%clk
01:31:39] [%emt 00:00:11]} 4. cxd5 {[%clk 01:28:41] [%emt 00:01:16]} 4... Nxd5
{[%clk 01:31:35] [%emt 00:00:33]} 5. e4 {[%clk 01:27:34] [%emt 00:01:37]} 5...
Nxc3 {[%clk 01:31:04] [%emt 00:01:00]} 6. bxc3 {[%clk 01:28:00] [%emt
00:00:04]} 6... e5 {[%clk 01:31:07] [%emt 00:00:27]} 7. d5 {[%clk 01:25:31]
[%emt 00:02:59]} 7... Nb8 {[%clk 01:30:48] [%emt 00:00:49]} 8. Nf3 {[%clk
01:23:04] [%emt 00:02:57]} 8... Bd6 {[%clk 01:30:21] [%emt 00:00:57]} 9. Bg5
{[%clk 01:20:47] [%emt 00:02:47]} 9... f6 {[%clk 01:28:29] [%emt 00:02:23]} 10.
Be3 {[%clk 01:20:15] [%emt 00:01:02]} 10... O-O {[%clk 01:28:33] [%emt
00:00:25]} 11. Bd3 {[%clk 01:16:02] [%emt 00:04:44]} 11... Nd7 {[%clk 01:26:46]
[%emt 00:02:17]} 12. O-O {[%clk 01:14:14] [%emt 00:02:18]} 12... Nc5 {[%clk
01:25:32] [%emt 00:01:42]} 13. Bxc5 {[%clk 01:11:58] [%emt 00:02:47]} 13...
Bxc5 {[%clk 01:25:00] [%emt 00:01:03]} 14. Rb1 {[%clk 01:10:37] [%emt
00:01:52]} 14... g6 {[%clk 01:14:51] [%emt 00:10:37]} 15. Nd2 {[%clk 01:07:38]
[%emt 00:03:30]} 15... f5 {[%clk 01:07:56] [%emt 00:07:24]} 16. Nb3 {[%clk
01:00:05] [%emt 00:08:03]} 16... Bd6 {[%clk 01:05:31] [%emt 00:02:55]} 17. c4
{[%clk 00:51:08] [%emt 00:09:28]} 17... b6 {[%clk 01:05:29] [%emt 00:00:31]}
18. c5 {[%clk 00:50:53] [%emt 00:00:46]} 18... bxc5 {[%clk 01:03:43] [%emt
00:02:16]} 19. Na5 {[%clk 00:50:28] [%emt 00:00:55]} 19... fxe4 {[%clk
00:59:58] [%emt 00:04:14]} 20. Bxe4 {[%clk 00:50:37] [%emt 00:00:21]} 20... Qh4
{[%clk 00:59:29] [%emt 00:01:05]} 21. f3 {[%clk 00:46:54] [%emt 00:04:08]}
21... Ba6 {[%clk 00:57:00] [%emt 00:02:58]} 22. Re1 {[%clk 00:46:23] [%emt
00:01:01]} 22... c4 {[%clk 00:53:54] [%emt 00:03:36]} 23. Qa4 {[%clk 00:44:17]
[%emt 00:02:37]} 23... Bc5+ {[%clk 00:40:45] [%emt 00:13:38]} 24. Kh1 {[%clk
00:44:42] [%emt 00:00:05]} 24... Bf2 {[%clk 00:40:40] [%emt 00:00:35]} 25. d6
{[%clk 00:36:33] [%emt 00:08:40]} 25... Bxe1 {[%clk 00:33:35] [%emt 00:07:35]}
26. Bxa8 {[%clk 00:35:55] [%emt 00:01:08]} 26... Bg3 {[%clk 00:25:42] [%emt
00:08:23]} 27. h3 {[%clk 00:36:18] [%emt 00:00:07]} 27... Bf4 {[%clk 00:25:11]
[%emt 00:01:01]} 28. Qc6 {[%clk 00:24:11] [%emt 00:12:37]} 28... Qg3 {[%clk
00:24:46] [%emt 00:00:55]} 29. Kg1 {[%clk 00:24:34] [%emt 00:00:07]} 29... Qh2+
{[%clk 00:21:48] [%emt 00:03:29]} 30. Kf2 {[%clk 00:20:32] [%emt 00:04:31]}
30... Bg3+ {[%clk 00:21:40] [%emt 00:00:38]} 31. Ke3 {[%clk 00:20:51] [%emt
00:00:12]} 31... Qxg2 {[%clk 00:21:45] [%emt 00:00:29]} 0-1